Подготовка бакалавров к междисциплинарным инженерным проектам в процессе обучения профессионально-ориентированному иностранному языку; Инженерное образование; № 23

Detalhes bibliográficos
Parent link:Инженерное образование: электронный научный журнал/ Ассоциация инженерного образования России (АИОР).— : [Б. и.], 2003-.— 1810-2883
№ 23.— 2018.— [с. 118-123]
Autor principal: Елсакова Н. Н.
Resumo:Заглавие с титульного листа
В статье предлагается способ и описан практический опыт подготовки будущих инженеров к междисциплинарным инженерным проектам на основе реализации проектной профессионально-познавательной деятельности на иностранном языке.
Idioma:russo
Publicado em: 2018
Colecção:Организация и технология инженерного образования
Assuntos:
Acesso em linha:https://old.aeer.ru/files/io/m23/art_15.pdf
Formato: Recurso Electrónico Capítulo de Livro
KOHA link:https://koha.lib.tpu.ru/cgi-bin/koha/opac-detail.pl?biblionumber=580733

MARC

LEADER 00000naa2a2200000 4500
001 580733
005 20250520152632.0
035 |a (RuTPU)RU\TPU\prd\280526 
035 |a RU\TPU\prd\280520 
090 |a 580733 
100 |a 20181010a2018 k y0rusy50 ca 
101 0 |a rus 
102 |a RU 
135 |a drcn ---uucaa 
181 0 |a i  
182 0 |a b 
200 1 |a Подготовка бакалавров к междисциплинарным инженерным проектам в процессе обучения профессионально-ориентированному иностранному языку  |b Электронный ресурс  |f Н. Н. Елсакова 
203 |a Текст  |c электронный 
215 |a 1 файл (253 Кб) 
225 1 |a Организация и технология инженерного образования 
230 |a Электронные текстовые данные (1 файл : 253 Кб) 
300 |a Заглавие с титульного листа 
320 |a [Библиогр.: с. 123 (10 назв.)] 
330 |a В статье предлагается способ и описан практический опыт подготовки будущих инженеров к междисциплинарным инженерным проектам на основе реализации проектной профессионально-познавательной деятельности на иностранном языке. 
461 1 |0 (RuTPU)RU\TPU\prd\176632  |x 1810-2883  |t Инженерное образование  |o электронный научный журнал  |f Ассоциация инженерного образования России (АИОР)  |n [Б. и.]  |d 2003- 
463 1 |0 (RuTPU)RU\TPU\prd\280506  |t № 23  |v [с. 118-123]  |d 2018 
610 1 |a инженерное образование 
610 1 |a электронный ресурс 
610 1 |a инженерные проекты 
610 1 |a языковая подготовка 
610 1 |a познавательная деятельность 
700 1 |a Елсакова  |b Н. Н. 
801 1 |a RU  |b 63413507  |c 20090623  |g PSBO 
801 2 |a RU  |b 63413507  |c 20181010  |g PSBO 
856 4 |u https://old.aeer.ru/files/io/m23/art_15.pdf 
942 |c BK